000 00445nmm a2200157Ia 4500
008 251105s9999||||xx |||||||||||||||||und||
020 _a9789562606097
041 _aspa
100 _aSoto Luque, José
245 0 _aOjos de navegante
264 _a[Santiago de Chile, Chile] :
_bCuarto Propio,
_c2013
300 _a92 páginas
650 _aLatin American narrative
856 _uhttps://public.digitaliapublishing.com/a/25329
942 _cCF
999 _c94263
_d94263